Jalkapallon Suomen Cupin voittajat - Statistics

Yleistilastot
  • Tätä visaa on pelattu 142 kertaa
    44 viimeisimmän päivityksen jälkeen
  • Keskiarvotulos 57 / 71
Vastaustilastot
Vuosi Voittaja % Oikein
1966 HJK
100%
1981 HJK
100%
1984 HJK
100%
1993 HJK
100%
1996 HJK
100%
1998 HJK
100%
2000 HJK
100%
2003 HJK
100%
2006 HJK
100%
2008 HJK
100%
2011 HJK
100%
2014 HJK
100%
2017 HJK
100%
2020 HJK
100%
2025 HJK
100%
1968 KuPS
100%
1989 KuPS
100%
2021 KuPS
100%
2022 KuPS
100%
2024 KuPS
100%
1991 TPS
91%
1994 TPS
91%
2010 TPS
91%
2009 FC Inter
88%
2018 FC Inter
88%
2016 SJK
88%
1979 Ilves
85%
1990 Ilves
85%
2019 Ilves
85%
2023 Ilves
85%
1955 Haka
79%
1959 Haka
79%
1960 Haka
79%
1963 Haka
79%
1969 Haka
79%
1977 Haka
79%
1982 Haka
79%
1985 Haka
79%
1988 Haka
79%
1997 Haka
79%
2002 Haka
79%
2005 Haka
79%
1992 MyPa
76%
1995 MyPa
76%
2004 MyPa
76%
1964 Reipas
76%
1972 Reipas
76%
1973 Reipas
76%
1974 Reipas
76%
1975 Reipas
76%
1976 Reipas
76%
1978 Reipas
76%
1986 RoPS
76%
2013 RoPS
76%
1983 Kuusysi
71%
1987 Kuusysi
71%
2007 TamU
68%
2012 FC Honka
65%
1958 KTP
65%
1961 KTP
65%
1967 KTP
65%
1980 KTP
65%
1999 FC Jokerit
62%
1962 HPS
62%
1970 MP
56%
1971 MP
56%
1965 ÅIFK
53%
2001 Atlantis
50%
2015 IFK Mariehamn
47%
1957 IF Drott
32%
1956 Pallo-Pojat
29%
Ehtoja vastaavia visoja ei löytynyt
Tulosjakauma
Jokaisen tuloksen saaneiden osuus
Persentiili vastausten määrän mukaan
Tuloshistoriasi
Et ole pelannut tätä visaa sen viimeisimmän päivityksen jälkeen